Egészséges élet, sport, sportorvoslás és az egészségfejlesztés kapcsolata

Elmentve itt :
Bibliográfiai részletek
Szerző: Nyiri Ilona Henrietta
További közreműködők: Majláthné Lippai Éva (Témavezető)
Dokumentumtípus: Szakdolgozat
Megjelent: 2011
Tárgyszavak:
Online Access:http://diploma.bibl.u-szeged.hu/129511
LEADER 00876nta a2200205 i 4500
001 dipl129511
005 20220919154231.0
008 220908s2011 hu om 0|| hun d
040 |a SZTE Diploma Repozitórium  |b hun 
041 |a hun 
100 1 |a Nyiri Ilona Henrietta 
245 1 0 |a Egészséges élet, sport, sportorvoslás és az egészségfejlesztés kapcsolata  |h [elektronikus dokumentum] /  |c Ilona Henrietta Nyiri 
246 1 0 |a Relationship of Healthy Life. Sport, Physians Specializing in Sport and Health Developing  |h [elektronikus dokumentum] 
260 |c 2011 
650 4 |a Jogi és igazgatási tanulmányok 
650 4 |a Medical and health sciences 
650 4 |a Health sciences 
650 4 |a Sport and fitness sciences 
700 2 |a Majláthné Lippai Éva  |e ths 
856 4 0 |u https://diploma.bibl.u-szeged.hu/id/eprint/129511/1/2011_nyiri_ilona_henrietta.pdf  |z Dokumentum-elérés